[Event "COL-ch U10"]
[Site "Bogota"]
[Date "2021.03.27"]
[Round "5"]
[White "Varela Rincon, Efrain"]
[Black "Barreto Pulido, Mariana"]
[Result "0-1"]
[WhiteElo "1053"]
[BlackElo "1154"]
[PlyCount "94"]
[EventDate "2021.03.24"]
[EventType "swiss"]
[EventRounds "7"]
[EventCountry "COL"]
[SourceTitle "EXT 2022"]
[Source "ChessBase"]
[SourceDate "2021.10.06"]
[SourceVersion "1"]
[SourceVersionDate "2021.10.06"]
[SourceQuality "1"]

1. d4 Nf6 2. Bf4 d5 3. Nf3 g6 4. e3 Bg7 5. Be2 Bf5 6. c4 Nc6 7. Qb3 Rb8 8. Nc3 e6 9. 0-0 0-0 10. Bg5 Qd7 11. Ne5 Nxe5 12. dxe5 Ne4 13. Nxe4 Bxe4 14. f3 dxc4 15. Bxc4 Bd5 16. Rfd1 Bxc4 17. Qxc4 Qc6 18. Qf4 Qb5 19. Qd4 Qxe5 20. Qxe5 Bxe5 21. Rab1 f6 22. Bh6 Rfd8 23. b3 g5 24. f4 gxf4 25. Bxf4 Bxf4 26. exf4 Kf7 27. Kf2 Rd5 28. Rbc1 Rxd1 29. Rxd1 Ke7 30. Kg3 Rd8 31. Rxd8 Kxd8 32. Kg4 Ke7 33. Kh5 Kf7 34. Kh6 Kg8 35. g4 c5 36. g5 fxg5 37. fxg5 b5 38. g6 hxg6 39. Kg5 Kg7 40. Kf4 Kf6 41. Ke4 g5 42. h3 a5 43. a3 a4 44. bxa4 bxa4 45. Kd3 Ke5 46. Kc4 Kf4 47. Kxc5 e5 0-1